000 00686nam a22002417a 4500
003 UA-OsUOA
001 39724
007 ta
008 20080516b un ||||| |||| 00| 0 ukr d
090 _a017
_bД20
942 _cBK
040 _aUA-OsUOA
_bukr
_cUA-OsUOA
_dUA-OsUOA
245 _aДарчі написи в бібліотеці Івана Микитенка
300 _a207 с.
955 _a1
041 _aukr
080 _a017
020 _a978-966-02-4381-1
260 _aК.
_bІнститут історії України
_c2007
246 3 1 _aКаталог
650 7 _a01 Бібліографія і бібліографії. Каталоги
_2UDC
999 _c438233
_d438233